Cyclisme : Les équipes d'Alexander Kristoff - Statistiques

Statistiques générales
  • Ce quiz a été pris 20 fois
  • Le résultat moyen est 13 sur 20
Statistiques - réponses
Années Pays de l'équipe Réponses % Correct
2024 Norvège Uno-X Mobility
100%
2025 Norvège Uno-X Mobility
100%
2023 Norvège Uno-X Pro Cycling Team
100%
2018 Émirats arabes unis UAE Team Emirates
94%
2019 Émirats arabes unis UAE Team Emirates
94%
2020 Émirats arabes unis UAE Team Emirates
94%
2021 Émirats arabes unis UAE Team Emirates
94%
2012 Russie Team Katusha
83%
2013 Russie Team Katusha
83%
2014 Russie Team Katusha
83%
2015 Russie Team Katusha
83%
2016 Russie Team Katusha
83%
2017 Suisse Team Katusha Alpecin
83%
2022 Belgique Intermarché - Wanty - Gobert Matériaux
67%
2010 États-Unis BMC Racing Team
28%
2011 États-Unis BMC Racing Team
28%
2008 Norvège Team Joker - Bianchi
11%
2009 Norvège Team Joker - Bianchi
11%
2006 Danemark Glud & Marstrand Horsens
6%
2007 Norvège Maxbo - Bianchi
6%
Aucun quiz correspondant
Distribution des résultats
% des personnes avec chaque résultat
Percentile par nombre de réponses
Votre historique - résultats
Vous n’avez pas pris ce quiz